000 00465nam a2200145Ia 4500
008 231129s1997||||xx |||||||||||||| ||spa||
020 _a958-96201-0-8
040 _bspa
082 _a986.102 M143c
100 _aMcFarlane Anthony
245 0 _aColombia antes de la independencia: economia sociedad y politica bajo el dominio Borbon
260 _c1997
264 _aBanco de la Republica ; Ancora Editores
942 _2ddc
_cBKS
999 _c7304
_d7304